Algunas cuestiones sobre el financiamiento del desarrollo en América Latina /
sin resumen
Guardat en:
| Autor principal: | |
|---|---|
| Format: | Desconegut |
| Idioma: | Spanish |
| Matèries: | |
| Etiquetes: |
Afegir etiqueta
Sense etiquetes, Sigues el primer a etiquetar aquest registre!
|
MARC
| LEADER | 00000 a2200000 04500 | ||
|---|---|---|---|
| 001 | 1925 | ||
| 003 | cru IIS | ||
| 005 | 20220215122754.0 | ||
| 008 | 220215b |||||||| |||| 00| 0 spa d | ||
| 040 | |c cru IIS | ||
| 100 | 1 | |9 10246 |a Lecuona, Ramón |e Autor | |
| 245 | 1 | |a Algunas cuestiones sobre el financiamiento del desarrollo en América Latina / |c Ramón Lecuona | |
| 300 | |a páginas 75-86 | ||
| 520 | |a sin resumen | ||
| 651 | 0 | |9 17 |a AMERICA LATINA | |
| 773 | 0 | |0 44091 |9 6619 |d Caracas: Editorial Nueva Sociedad, 1987 |o MFN: 1925 |t Políticas de ajuste: | |
| 942 | |2 ddc |c LI | ||
| 999 | |c 5395 |d 5395 | ||
